Principles of digital image processing : (Record no. 188478)

000 -LEADER
fixed length control field 01395 a2200325 4500
003 - CONTROL NUMBER IDENTIFIER
control field Nust
005 - DATE AND TIME OF LATEST TRANSACTION
control field 20220804135318.0
010 ## - LIBRARY OF CONGRESS CONTROL NUMBER
LC control number 2008942518
020 ## - INTERNATIONAL STANDARD BOOK NUMBER
International Standard Book Number 1848001908 (pbk.)
020 ## - INTERNATIONAL STANDARD BOOK NUMBER
International Standard Book Number 1848001940 (pbk.)
020 ## - INTERNATIONAL STANDARD BOOK NUMBER
International Standard Book Number 1848001959 (e-book)
020 ## - INTERNATIONAL STANDARD BOOK NUMBER
International Standard Book Number 9781848001909 (pbk.)
020 ## - INTERNATIONAL STANDARD BOOK NUMBER
International Standard Book Number 9781848001947 (pbk.)
020 ## - INTERNATIONAL STANDARD BOOK NUMBER
International Standard Book Number 9781848001954 (e-book)
035 ## - SYSTEM CONTROL NUMBER
System control number (OCoLC)ocn262720240
040 ## - CATALOGING SOURCE
Transcribing agency Nust
082 04 - DEWEY DECIMAL CLASSIFICATION NUMBER
Classification number 621.367,BUR
100 1# - MAIN ENTRY--PERSONAL NAME
Personal name Burger, Wilhelm.
9 (RLIN) 96541
245 10 - TITLE STATEMENT
Title Principles of digital image processing :
Remainder of title core algorithms /
Statement of responsibility, etc. Wilhelm Burger, Mark J. Burge.
246 3# - VARYING FORM OF TITLE
Title proper/short title Core algorithms
260 ## - PUBLICATION, DISTRIBUTION, ETC.
Place of publication, distribution, etc. London :
Name of publisher, distributor, etc. Springer,
Date of publication, distribution, etc. c2009.
300 ## - PHYSICAL DESCRIPTION
Extent xii, 327 p. :
Other physical details ill. ;
Dimensions 24 cm.
490 1# - SERIES STATEMENT
Series statement Undergraduate topics in computer science,
International Standard Serial Number 1863-7310
505 ## - FORMATTED CONTENTS NOTE
Formatted contents note Introduction (Page-1), Regions in Binary Images (Page-5), Detecting Simple Curves (Page-49), Corner Detection. (Page-69), Color Quantization (Page-85), Colorimetric Color Spaces (Page-97), Introduction to spectral techniques (Page-125), The Discrete Fourier Transform in 2D (Page-157), The Discrete Cosine Transform (DCT) (Page-183), Geometric Operations (Page-191), Comparing Images (Page-255)
650 #0 - SUBJECT ADDED ENTRY--TOPICAL TERM
Topical term or geographic name entry element Computer algorithms.
650 #0 - SUBJECT ADDED ENTRY--TOPICAL TERM
Topical term or geographic name entry element Telecommunication Engineering
700 1# - ADDED ENTRY--PERSONAL NAME
Personal name Burge, Mark.
9 (RLIN) 96542
830 #0 - SERIES ADDED ENTRY--UNIFORM TITLE
Uniform title Undergraduate topics in computer science.
9 (RLIN) 90536
942 ## - ADDED ENTRY ELEMENTS (KOHA)
Koha item type Reference
Source of classification or shelving scheme
Holdings
Withdrawn status Lost status Source of classification or shelving scheme Damaged status Not for loan Permanent Location Current Location Shelving location Date acquired Full call number Barcode Date last seen Price effective from Koha item type Public note
          Military College of Signals (MCS) Military College of Signals (MCS) Reference 12/12/2016 621.367,BUR MCS34699 12/08/2016 12/12/2016 Reference Almirah No.20, Shelf No.5
© 2023 Central Library, National University of Sciences and Technology. All Rights Reserved.